NBA player with 4 or more rings - Statistiques

Statistiques générales
  • Ce quiz a été pris 287 fois
  • Le résultat moyen est 15 sur 43
Statistiques - réponses
Rings Players % Correct
4 LeBron James
93%
6 Michael Jordan
93%
4 Stephen Curry
91%
11 Bill Russell
86%
5 Kobe Bryant
82%
6 Scottie Pippen
79%
4 Draymond Green
74%
4 Shaquille O'Neal
73%
4 Klay Thompson
72%
4 Tony Parker
72%
5 Dennis Rodman
71%
5 Tim Duncan
70%
5 Earvin "Magic" Johnson
64%
4 Manu Ginóbili
54%
6 Kareem Abdul-Jabbar
51%
5 Steve Kerr
44%
6 Bob Cousy
41%
7 Robert Horry
38%
8 John Havlicek
35%
4 Andre Iguodala
30%
5 Derek Fisher
23%
4 Horace Grant
23%
4 Robert Parish
23%
10 Sam Jones
17%
5 Ron Harper
16%
8 K. C. Jones
14%
5 Georges Mikan
13%
5 Michael Cooper
13%
8 Tom Heinsohn
13%
8 Tom Sanders
10%
4 Bill Sharman
8%
4 John Salley
7%
7 Frank Ramsey
6%
4 Jamaal Wilkes
6%
5 Don Nelson
5%
6 Jim Loscutoff
5%
4 Kurt Rambis
5%
5 Slater Martin
5%
4 Vern Mikkelsen
5%
5 Jim Pollard
4%
4 Will Perdue
4%
4 Frank Saul
3%
5 Larry Siegfried
3%
Aucun quiz correspondant
Distribution des résultats
% des personnes avec chaque résultat
Percentile par nombre de réponses
Votre historique - résultats
Vous n’avez pas pris ce quiz